<?xml version="1.0" encoding="UTF-8"?>
<record
    xmlns:xsi="http://www.w3.org/2001/XMLSchema-instance"
    xsi:schemaLocation="http://www.loc.gov/MARC21/slim http://www.loc.gov/standards/marcxml/schema/MARC21slim.xsd"
    xmlns="http://www.loc.gov/MARC21/slim">

  <leader>00807nam a2200205 i 4500</leader>
  <controlfield tag="001">25184</controlfield>
  <controlfield tag="003">ES-MaACL</controlfield>
  <controlfield tag="005">20231111062524.0</controlfield>
  <controlfield tag="007">t|</controlfield>
  <controlfield tag="008">021220m19471948sp           ||||1| spa d</controlfield>
  <datafield tag="245" ind1="0" ind2="0">
    <subfield code="a">Aportaci&#xF3;n documental para la erudici&#xF3;n espa&#xF1;ola / </subfield>
    <subfield code="c">recopilaci&#xF3;n y transcripci&#xF3;n de Jos&#xE9; Sim&#xF3;n D&#xED;az.</subfield>
  </datafield>
  <datafield tag="260" ind1=" " ind2=" ">
    <subfield code="a">Madrid : </subfield>
    <subfield code="b">Consejo Superior de Investigaciones Cient&#xED;ficas, </subfield>
    <subfield code="c">1947-48.</subfield>
  </datafield>
  <datafield tag="300" ind1=" " ind2=" ">
    <subfield code="a">5 fasc. ; </subfield>
    <subfield code="c">24 cm.</subfield>
  </datafield>
  <datafield tag="500" ind1=" " ind2=" ">
    <subfield code="a">Es separata de: Rev. Bibliogr&#xE1;fica Documental, n&#xFA;ms. 1-4, 1947-1948, t. I y II.</subfield>
  </datafield>
  <datafield tag="650" ind1=" " ind2="4">
    <subfield code="a">Literatura espa&#xF1;ola-</subfield>
    <subfield code="x">Historia y cr&#xED;tica</subfield>
    <subfield code="9">14560</subfield>
  </datafield>
  <datafield tag="700" ind1="1" ind2=" ">
    <subfield code="a">Sim&#xF3;n D&#xED;az, Jos&#xE9;.</subfield>
    <subfield code="9">106544</subfield>
  </datafield>
  <datafield tag="710" ind1="2" ind2=" ">
    <subfield code="a">Consejo Superior de Investigaciones Cient&#xED;ficas (Espa&#xF1;a)</subfield>
    <subfield code="9">3236</subfield>
  </datafield>
  <datafield tag="852" ind1=" " ind2=" ">
    <subfield code="a">ES-MaACL</subfield>
    <subfield code="j">P-750-bis </subfield>
    <subfield code="b">R.29263</subfield>
  </datafield>
  <datafield tag="999" ind1=" " ind2=" ">
    <subfield code="c">25184</subfield>
    <subfield code="d">25184</subfield>
  </datafield>
  <datafield tag="952" ind1=" " ind2=" ">
    <subfield code="0">0</subfield>
    <subfield code="1">0</subfield>
    <subfield code="4">0</subfield>
    <subfield code="7">0</subfield>
    <subfield code="a">ATENEOM</subfield>
    <subfield code="b">ATENEOM</subfield>
    <subfield code="c">DEPO2</subfield>
    <subfield code="d">2008-01-17</subfield>
    <subfield code="e">SC</subfield>
    <subfield code="l">0</subfield>
    <subfield code="o">P-750-bis</subfield>
    <subfield code="p">1025965</subfield>
    <subfield code="r">2023-02-23 00:00:00</subfield>
    <subfield code="w">2023-02-23</subfield>
    <subfield code="y">MONOGRAFIA</subfield>
  </datafield>
</record>
